000 00299nam a22001097a 4500
008 160613b xxu||||| |||| 00| 0 eng d
020 _a039755138X
041 _aeng
080 _a618.2
245 _aNursing research / Principles and methods:
_cDenise F. Polit; Bernadette P. Hungler;
942 _2udc
_cBK
999 _c2455
_d2455